NLSUI OPAC header image

Asia sees America and other rants / (Record no. 210897)

MARC details
000 -LEADER
fixed length control field 01074cam a2200349 a 4500
001 - CONTROL NUMBER
control field 13675746
003 - CONTROL NUMBER IDENTIFIER
control field OSt
005 - DATE AND TIME OF LATEST TRANSACTION
control field 20220412173114.0
008 - FIXED-LENGTH DATA ELEMENTS--GENERAL INFORMATION
fixed length control field 040424s2004 ii a 000 0 eng
010 ## - LIBRARY OF CONGRESS CONTROL NUMBER
LC control number 2004327721
020 ## - INTERNATIONAL STANDARD BOOK NUMBER
International Standard Book Number 8187380942
025 ## - OVERSEAS ACQUISITION NUMBER
Overseas acquisition number I-E-2004-327721; 63-01
035 ## - SYSTEM CONTROL NUMBER
System control number (DLC) 2004327721
037 ## - SOURCE OF ACQUISITION
Source of stock number/acquisition Library of Congress -- New Delhi Overseas Office
Terms of availability Rs100.00 ($6.00 U.S.)
040 ## - CATALOGING SOURCE
Original cataloging agency DLC
Transcribing agency DLC
042 ## - AUTHENTICATION CODE
Authentication code lcode
043 ## - GEOGRAPHIC AREA CODE
Geographic area code n-us---
-- a------
050 00 - LIBRARY OF CONGRESS CALL NUMBER
Classification number DS33.4.U6
Item number S25 2004
100 1# - MAIN ENTRY--PERSONAL NAME
Personal name Sagar, Satya.
245 10 - TITLE STATEMENT
Title Asia sees America and other rants /
Statement of responsibility, etc. Satya Sagar.
250 ## - EDITION STATEMENT
Edition statement Ed. 1st.
260 ## - PUBLICATION, DISTRIBUTION, ETC.
Place of publication, distribution, etc. Bangalore :
Name of publisher, distributor, etc. Books for Change,
Date of publication, distribution, etc. 2004.
300 ## - PHYSICAL DESCRIPTION
Extent x, 85 p. :
Other physical details ill. ;
Dimensions 23 cm.
520 ## - SUMMARY, ETC.
Summary, etc. Articles.
650 #0 - SUBJECT ADDED ENTRY--TOPICAL TERM
Topical term or geographic name entry element Public opinion
Geographic subdivision Asia.
651 #0 - SUBJECT ADDED ENTRY--GEOGRAPHIC NAME
Geographic name Asia
General subdivision Relations
Geographic subdivision United States.
651 #0 - SUBJECT ADDED ENTRY--GEOGRAPHIC NAME
Geographic name United States
General subdivision Relations
Geographic subdivision Asia.
651 #0 - SUBJECT ADDED ENTRY--GEOGRAPHIC NAME
Geographic name United States
General subdivision Foreign public opinion, Asian.
906 ## - LOCAL DATA ELEMENT F, LDF (RLIN)
a 7
b cbc
c origode
d 3
e ncip
f 20
g y-gencatlg
942 ## - ADDED ENTRY ELEMENTS (KOHA)
Source of classification or shelving scheme Dewey Decimal Classification
Koha item type Gratis-Donated Books
Holdings
Withdrawn status Lost status Source of classification or shelving scheme Damaged status Not for loan Home library Current library Shelving location Date acquired Total Checkouts Barcode Date last seen Price effective from Koha item type
    Dewey Decimal Classification     NLS NLS Gratis-Donated Books 12/04/2022   ActionAid - 002 12/04/2022 12/04/2022 Gratis-Donated Books